Kerly's law of trade marks and trade names / (Record no. 453)
[ view plain ]
| 000 -LEADER | |
|---|---|
| fixed length control field | 01277cam a2200361 a 4500 |
| 001 - CONTROL NUMBER | |
| control field | 12278220 |
| 003 - CONTROL NUMBER IDENTIFIER | |
| control field | OSt |
| 005 - DATE AND TIME OF LATEST TRANSACTION | |
| control field | 20150618102004.0 |
| 008 - FIXED-LENGTH DATA ELEMENTS--GENERAL INFORMATION | |
| fixed length control field | 010105s2001 enk f 001 0 eng |
| 010 ## - LIBRARY OF CONGRESS CONTROL NUMBER | |
| LC control number | 2001326789 |
| 020 ## - INTERNATIONAL STANDARD BOOK NUMBER | |
| International Standard Book Number | 0421456108 |
| 035 ## - SYSTEM CONTROL NUMBER | |
| System control number | (UkLWHE)e000287524 |
| 040 ## - CATALOGING SOURCE | |
| Original cataloging agency | DLC |
| Transcribing agency | DLC |
| Modifying agency | DLC |
| 043 ## - GEOGRAPHIC AREA CODE | |
| Geographic area code | e-uk--- |
| 050 00 - LIBRARY OF CONGRESS CALL NUMBER | |
| Classification number | KD1439 |
| Item number | .K47 2001 |
| 082 00 - DEWEY DECIMAL CLASSIFICATION NUMBER | |
| Classification number | 346.0488 KER |
| Edition number | 21 |
| 245 00 - TITLE STATEMENT | |
| Title | Kerly's law of trade marks and trade names / |
| Statement of responsibility, etc | by David Kitchin ... [et al.]. |
| 246 30 - VARYING FORM OF TITLE | |
| Title proper/short title | Law of trade marks and trade names |
| 246 30 - VARYING FORM OF TITLE | |
| Title proper/short title | Trade marks |
| 250 ## - EDITION STATEMENT | |
| Edition statement | 13th ed. |
| 260 ## - PUBLICATION, DISTRIBUTION, ETC. (IMPRINT) | |
| Place of publication, distribution, etc | London : |
| Name of publisher, distributor, etc | Sweet & Maxwell, |
| Date of publication, distribution, etc | 2001. |
| 300 ## - PHYSICAL DESCRIPTION | |
| Extent | cx, 1600 p. ; |
| Dimensions | 26 cm. |
| 500 ## - GENERAL NOTE | |
| General note | Rev. ed. of: Kerly's law of trade marks and trade names / Duncan Mackenzie Kerly. 12th ed. 1986. |
| 504 ## - BIBLIOGRAPHY, ETC. NOTE | |
| Bibliography, etc | Includes index. |
| 650 #0 - SUBJECT ADDED ENTRY--TOPICAL TERM | |
| Topical term or geographic name as entry element | Trademarks |
| General subdivision | Law and legislation |
| Geographic subdivision | Great Britain. |
| 9 (RLIN) | 1328 |
| 650 #0 - SUBJECT ADDED ENTRY--TOPICAL TERM | |
| Topical term or geographic name as entry element | Business names |
| Geographic subdivision | Great Britain. |
| 9 (RLIN) | 1329 |
| 650 #0 - SUBJECT ADDED ENTRY--TOPICAL TERM | |
| Topical term or geographic name as entry element | Marks of origin |
| Geographic subdivision | Great Britain. |
| 9 (RLIN) | 1330 |
| 700 1# - ADDED ENTRY--PERSONAL NAME | |
| Personal name | Kitchin, David. |
| 9 (RLIN) | 1331 |
| 700 1# - ADDED ENTRY--PERSONAL NAME | |
| Personal name | Kerly, Duncan Mackenzie, |
| Dates associated with a name | 1863-1938. |
| Title of a work | Kerly's law of trade marks and trade names. |
| 9 (RLIN) | 1332 |
| 906 ## - LOCAL DATA ELEMENT F, LDF (RLIN) | |
| a | 7 |
| b | cbc |
| c | origres |
| d | 2 |
| e | ncip |
| f | 20 |
| g | y-gencatlg |
| 942 ## - ADDED ENTRY ELEMENTS (KOHA) | |
| Source of classification or shelving scheme | Dewey Decimal Classification |
| Koha item type | Books |
| Withdrawn status | Lost status | Source of classification or shelving scheme | Damaged status | Not for loan | Home library | Current library | Shelving location | Date acquired | Total Checkouts | Full call number | Barcode | Date last seen | Price effective from | Koha item type | Public note |
|---|---|---|---|---|---|---|---|---|---|---|---|---|---|---|---|
| Dewey Decimal Classification | Law Development Centre Main Library | Law Development Centre Main Library | Text Books and Laws | 04/20/2011 | 346.0488 KER | 2011/2371 | 04/20/2011 | 04/20/2011 | Books | ||||||
| Law Development Centre Main Library | Law Development Centre Main Library | Text Books and Laws | 10/16/2013 | 346.0488 KER | 8033/2013 | 10/16/2013 | 10/16/2013 | Books | reserve |
